Where is that river NOT? (Multiple Choice) Quiz Stats

 Plays Quiz not verified by Sporcle

Challenge
Share
Tweet
Embed
Score 0/15 Timer 05:00
0 Plays Today
Question Answer Wrong Answers
Columbia River Mexico
63.8%
United States
5.9%
Canada
20.9%
Mekong River Bhutan
53.5%
Myanmar
12.4%
Laos
11.1%
China
12.8%
Danube River Slovenia
52.3%
Hungary
6.4%
Romania
15.6%
Germany
16.5%
Amazon River Ecuador
47.4%
Peru
17%
Colombia
21.7%
Brazil
5.2%
Dnieper River Moldova
43.6%
Belarus
22.9%
Ukraine
8%
Russia
14.7%
Oder River Slovakia
39.7%
Germany
15.3%
Poland
17.3%
Czechia
17.7%
Euphrates River Iran
37%
Iraq
8.2%
Syria
16%
Turkey
29.1%
ParanĂ¡ River Uruguay
35.5%
Paraguay
18.5%
Argentina
18.5%
Brazil
17.8%
Congo River Central African Republic
34.9%
Democratic Republic of the Congo
5%
Republic of the Congo
5.8%
Angola
46.2%
Brahmaputra River Nepal
32.5%
China
37.7%
India
6.2%
Bangladesh
14.1%
Niger River Burkina Faso
31.1%
Guinea
36.2%
Mali
16.4%
Niger
6.9%
Rhine River Belgium
31%
Liechtenstein
35.7%
Germany
5.3%
Netherlands
19%
Zambezi River Malawi
29.1%
Botswana
16.3%
Zambia
8.2%
Angola
37.1%
Amu Darya River Kazakhstan
26.7%
Turkmenistan
20.1%
Uzbekistan
16.1%
Tajikistan
27.2%
Orange River Botswana
17.8%
Namibia
25.3%
South Africa
9.5%
Lesotho
38%

You're not logged in!

Compare scores with friends on all Sporcle quizzes.
OR
Log In

You Might Also Like...

Show Comments

Extras

Top Quizzes Today


Score Distribution

Your Account Isn't Verified!

In order to create a playlist on Sporcle, you need to verify the email address you used during registration. Go to your Sporcle Settings to finish the process.

Report this User

Report this user for behavior that violates our Community Guidelines.

Details: